Widok standardowy
Widok MARC
Pozycja Corporate Name
Liczba rekordów, w których użyto hasła: 1
001 - Numer kontrolny
- control field: 40616
003 - Identyfikator numeru kontrolnego
- control field: NUKAT
005 - Data i czas ostatniej modyfikacji
- control field: 20260427103930.0
008 - Dane kontrolne kodowane (40 znaków)
- fixed length control field: 020227n||a|znnaabn |a ana |c
010 ## - Numer kontrolny Biblioteki Kongresu
- numer kontrolny LC: n 02058288
024 7# - OTHER STANDARD IDENTIFIER
- Standard number or code: 301567018
- Source of number or code: viaf
024 7# - OTHER STANDARD IDENTIFIER
- Standard number or code: Q82816807
- Source of number or code: wikidata
040 ## - Instytucja sporządzająca rekord
- inst. przygot. dane do rek. khw: WA M/ES
- język haseł przedmiotowych/tezaurus: kaba
- inst. wprow. rek. khw: WA M/ES
- inst. modyf. rek. khw: TOR U/PA
- inst. modyf. rek. khw: WA U/KSZ
- inst. modyf. rek. khw: TOR U/JSzs
110 2# - Hasło - nazwa ciała zbiorowego
- nazwa ciała zbior. lub geogr. na pocz.: Lenkijos Institutas (Wilno).
410 2# - Trop zob. - nazwa ciała zbiorowego
- nazwa ciała zbior. lub geogr. na pocz.: Instytut Polski w Wilnie.
410 2# - Trop zob. - nazwa ciała zbiorowego
- nazwa ciała zbior. lub geogr. na pocz.: Lenku̧ Institutas Vilniuje.
410 2# - Trop zob. - nazwa ciała zbiorowego
- nazwa ciała zbior. lub geogr. na pocz.: Polish Institute in Vilnius.
410 2# - Trop zob. - nazwa ciała zbiorowego
- nazwa ciała zbior. lub geogr. na pocz.: Lenkijos Institutas Vilniuje.
665 ## - Nota historyczna
- nota historyczna: Został powołany na mocy traktatu między RP a RL o przyjaznej i dobrosąsiedzkiej współpracy z dn. 21 grudnia 1995. Działalność rozpoczął w marcu 1996.
670 ## - Źródło informacji
- źródło informacji: Kp. Marianas Kościałkowskis (1914-1977) : piešiniai / Instytut Polski w Wilnie, Biblioteka Uniwersytetu Mikołaja Kopernika w Toruniu, Biblioteka Uniwersytetu Wileńskiego. - [Toruń, 2000].
670 ## - Źródło informacji
- źródło informacji: E-mail Amabsada RP w Wilnie, z dn. 27.02.2002 r.
670 ## - Źródło informacji
- źródło informacji: Lenkijos Institutas Vilniuje = Instytut Polski w Wilnie : 1996-2016 / sudarė : Andrzej Kierulis. - [Vilnius], 2016.
670 ## - Źródło informacji
- źródło informacji: Lenkijos Institutas Vilniuje, 01.03.2017
- adres internetowy: http://www.lenkukultura.lt/?lang=pl